Ekonomi Malaysia

Bibliographic Details
Main Authors: Chamhuri Siwar , 1947- (Author), Surtahman Kastin Hasan , 1954- (Author)
Format: Book
Published: Kuala Lumpur : Longman , 1985
Subjects:

MARC

LEADER 00000cam a2200000 7i4500
001 0000028613
005 20201022093000.0
008 021119n
020 |a 0582734479 
090 0 0 |a HC445.5   |b .C526 
100 0 |a Chamhuri Siwar ,   |d 1947- ,   |e author 
245 0 0 |a Ekonomi Malaysia   |c Chamhuri Siwar, Surtahman Kastin Hasan 
260 2 |a Kuala Lumpur :   |b Longman ,   |c 1985 
300 |a 197 p. ; ;   |c 21 cm. 
504 |a Includes bibliographical references 
651 0 |a Malaysia   |x Economic conditions 
700 0 |a Surtahman Kastin Hasan ,   |d 1954- ,   |e author 
999 |a 1000047343   |b Book   |c OPEN SHELF (30 DAYS)   |e Gong Badak Campus